<?xml version="1.0" encoding="UTF-8"?>
<record
    xmlns:xsi="http://www.w3.org/2001/XMLSchema-instance"
    xsi:schemaLocation="http://www.loc.gov/MARC21/slim http://www.loc.gov/standards/marcxml/schema/MARC21slim.xsd"
    xmlns="http://www.loc.gov/MARC21/slim">

  <leader>00598nam a2200193   4500</leader>
  <controlfield tag="001">3581</controlfield>
  <controlfield tag="005">20181127171529.0</controlfield>
  <datafield tag="010" ind1="0" ind2="0">
    <subfield code="a"></subfield>
  </datafield>
  <datafield tag="020" ind1="0" ind2="0">
    <subfield code="a">9789993677512</subfield>
  </datafield>
  <datafield tag="090" ind1="0" ind2="0">
    <subfield code="a">362.1095498 D699m 2012</subfield>
  </datafield>
  <datafield tag="100" ind1="0" ind2="0">
    <subfield code="a">Dorji, Tandin.</subfield>
  </datafield>
  <datafield tag="245" ind1="0" ind2="0">
    <subfield code="a">Medical history of Bhutan :</subfield>
    <subfield code="b">Chronicle of health and disease from Bon times to today /</subfield>
    <subfield code="c">Dr. Tandin Dorji, Dr. Bjorn Melgaard.</subfield>
    <subfield code="h"></subfield>
  </datafield>
  <datafield tag="250" ind1="0" ind2="0">
    <subfield code="a"></subfield>
  </datafield>
  <datafield tag="260" ind1="0" ind2="0">
    <subfield code="a">Thimphu : </subfield>
    <subfield code="b">Centre for Research Initiatives,</subfield>
    <subfield code="c">2012.</subfield>
  </datafield>
  <datafield tag="300" ind1="0" ind2="0">
    <subfield code="a">xiv, 174 p . ; col. ill. : 23 cm.</subfield>
  </datafield>
  <datafield tag="500" ind1="0" ind2="0">
    <subfield code="a"></subfield>
  </datafield>
  <datafield tag="650" ind1="0" ind2="0">
    <subfield code="a">Bhutan --History.</subfield>
    <subfield code="x"></subfield>
  </datafield>
  <datafield tag="650" ind1="0" ind2="0">
    <subfield code="a">Medicine, Traditional --Bhutan.</subfield>
    <subfield code="x"></subfield>
  </datafield>
  <datafield tag="999" ind1=" " ind2=" ">
    <subfield code="c">2917</subfield>
    <subfield code="d">2917</subfield>
  </datafield>
  <datafield tag="952" ind1=" " ind2=" ">
    <subfield code="0">0</subfield>
    <subfield code="1">0</subfield>
    <subfield code="2">ddc</subfield>
    <subfield code="4">0</subfield>
    <subfield code="7">0</subfield>
    <subfield code="8">REFERENCE</subfield>
    <subfield code="a">RTCLIB</subfield>
    <subfield code="b">RTCLIB</subfield>
    <subfield code="c">REFERENCE</subfield>
    <subfield code="d">2023-08-29</subfield>
    <subfield code="h"> </subfield>
    <subfield code="i">6148</subfield>
    <subfield code="l">0</subfield>
    <subfield code="o">362.1095 DOR</subfield>
    <subfield code="p">30004889</subfield>
    <subfield code="r">2023-08-29 00:00:00</subfield>
    <subfield code="t">2</subfield>
    <subfield code="w">2018-11-27</subfield>
    <subfield code="y">REFERENCE</subfield>
  </datafield>
  <datafield tag="952" ind1=" " ind2=" ">
    <subfield code="0">0</subfield>
    <subfield code="1">0</subfield>
    <subfield code="2">ddc</subfield>
    <subfield code="4">0</subfield>
    <subfield code="7">0</subfield>
    <subfield code="8">MAIN</subfield>
    <subfield code="a">RTCLIB</subfield>
    <subfield code="b">RTCLIB</subfield>
    <subfield code="c">MAIN</subfield>
    <subfield code="d">2024-09-11</subfield>
    <subfield code="h"> </subfield>
    <subfield code="i">10374</subfield>
    <subfield code="l">3</subfield>
    <subfield code="m">2</subfield>
    <subfield code="o">362.1095 DOR</subfield>
    <subfield code="p">30011490</subfield>
    <subfield code="r">2024-09-13 00:00:00</subfield>
    <subfield code="s">2024-09-11</subfield>
    <subfield code="t">3</subfield>
    <subfield code="w">2018-11-27</subfield>
    <subfield code="y">MAIN</subfield>
  </datafield>
  <datafield tag="952" ind1=" " ind2=" ">
    <subfield code="0">0</subfield>
    <subfield code="1">0</subfield>
    <subfield code="2">ddc</subfield>
    <subfield code="4">0</subfield>
    <subfield code="7">0</subfield>
    <subfield code="8">MAIN</subfield>
    <subfield code="a">RTCLIB</subfield>
    <subfield code="b">RTCLIB</subfield>
    <subfield code="c">MAIN</subfield>
    <subfield code="d">2019-03-13</subfield>
    <subfield code="h">13544</subfield>
    <subfield code="l">2</subfield>
    <subfield code="m">7</subfield>
    <subfield code="o">362.1095 DOR</subfield>
    <subfield code="p">30013441</subfield>
    <subfield code="r">2024-12-05 00:00:00</subfield>
    <subfield code="s">2024-07-09</subfield>
    <subfield code="w">2019-03-13</subfield>
    <subfield code="y">MAIN</subfield>
  </datafield>
  <datafield tag="952" ind1=" " ind2=" ">
    <subfield code="0">0</subfield>
    <subfield code="1">0</subfield>
    <subfield code="2">ddc</subfield>
    <subfield code="4">0</subfield>
    <subfield code="7">0</subfield>
    <subfield code="8">MAIN</subfield>
    <subfield code="a">RTCLIB</subfield>
    <subfield code="b">RTCLIB</subfield>
    <subfield code="c">MAIN</subfield>
    <subfield code="d">2023-05-19</subfield>
    <subfield code="h">177426</subfield>
    <subfield code="l">0</subfield>
    <subfield code="o">362.1095 DOR</subfield>
    <subfield code="p">30018749</subfield>
    <subfield code="r">2023-05-19 00:00:00</subfield>
    <subfield code="w">2023-05-19</subfield>
    <subfield code="y">MAIN</subfield>
  </datafield>
  <datafield tag="952" ind1=" " ind2=" ">
    <subfield code="0">0</subfield>
    <subfield code="1">0</subfield>
    <subfield code="2">ddc</subfield>
    <subfield code="4">0</subfield>
    <subfield code="7">0</subfield>
    <subfield code="8">MAIN</subfield>
    <subfield code="a">RTCLIB</subfield>
    <subfield code="b">RTCLIB</subfield>
    <subfield code="c">MAIN</subfield>
    <subfield code="d">2023-05-19</subfield>
    <subfield code="h">18790</subfield>
    <subfield code="o">362.1095 DOR C.2 </subfield>
    <subfield code="p">30019857</subfield>
    <subfield code="r">2024-09-09 00:00:00</subfield>
    <subfield code="w">2023-05-19</subfield>
    <subfield code="y">MAIN</subfield>
    <subfield code="z">Donated by Dorji and her walking library </subfield>
  </datafield>
  <datafield tag="952" ind1=" " ind2=" ">
    <subfield code="0">0</subfield>
    <subfield code="1">0</subfield>
    <subfield code="2">ddc</subfield>
    <subfield code="4">0</subfield>
    <subfield code="7">0</subfield>
    <subfield code="8">MAIN</subfield>
    <subfield code="a">RTCLIB</subfield>
    <subfield code="b">RTCLIB</subfield>
    <subfield code="c">MAIN</subfield>
    <subfield code="d">2023-05-19</subfield>
    <subfield code="h">18789</subfield>
    <subfield code="l">0</subfield>
    <subfield code="o">362.1095 DOR C.1</subfield>
    <subfield code="p">30019922</subfield>
    <subfield code="r">2024-09-09 00:00:00</subfield>
    <subfield code="w">2023-05-19</subfield>
    <subfield code="y">MAIN</subfield>
    <subfield code="z">Donated by Dorji and her walking library </subfield>
  </datafield>
  <datafield tag="952" ind1=" " ind2=" ">
    <subfield code="0">0</subfield>
    <subfield code="1">0</subfield>
    <subfield code="2">ddc</subfield>
    <subfield code="4">0</subfield>
    <subfield code="7">0</subfield>
    <subfield code="8">MAIN</subfield>
    <subfield code="a">RTCLIB</subfield>
    <subfield code="b">RTCLIB</subfield>
    <subfield code="c">MAIN</subfield>
    <subfield code="d">2023-05-19</subfield>
    <subfield code="h">18791</subfield>
    <subfield code="l">0</subfield>
    <subfield code="o">362.1095 DOR C.3</subfield>
    <subfield code="p">30019921</subfield>
    <subfield code="r">2024-09-09 00:00:00</subfield>
    <subfield code="w">2023-05-19</subfield>
    <subfield code="y">MAIN</subfield>
    <subfield code="z">Donated by Dorji and her walking library </subfield>
  </datafield>
  <datafield tag="952" ind1=" " ind2=" ">
    <subfield code="0">0</subfield>
    <subfield code="1">0</subfield>
    <subfield code="2">ddc</subfield>
    <subfield code="4">0</subfield>
    <subfield code="7">0</subfield>
    <subfield code="8">MAIN</subfield>
    <subfield code="a">RTCLIB</subfield>
    <subfield code="b">RTCLIB</subfield>
    <subfield code="c">MAIN</subfield>
    <subfield code="d">2023-05-19</subfield>
    <subfield code="h">18792</subfield>
    <subfield code="l">0</subfield>
    <subfield code="o">362.1095 DOR C.4</subfield>
    <subfield code="p">30019845</subfield>
    <subfield code="r">2024-09-09 00:00:00</subfield>
    <subfield code="w">2023-05-19</subfield>
    <subfield code="y">MAIN</subfield>
    <subfield code="z">Donated by Dorji and her walking library </subfield>
  </datafield>
  <datafield tag="952" ind1=" " ind2=" ">
    <subfield code="0">0</subfield>
    <subfield code="1">0</subfield>
    <subfield code="2">ddc</subfield>
    <subfield code="4">0</subfield>
    <subfield code="7">0</subfield>
    <subfield code="8">MAIN</subfield>
    <subfield code="a">RTCLIB</subfield>
    <subfield code="b">RTCLIB</subfield>
    <subfield code="c">MAIN</subfield>
    <subfield code="d">2023-05-19</subfield>
    <subfield code="h">18793</subfield>
    <subfield code="l">0</subfield>
    <subfield code="o">362.1095 DOR C.5</subfield>
    <subfield code="p">30019850</subfield>
    <subfield code="r">2024-09-09 00:00:00</subfield>
    <subfield code="w">2023-05-19</subfield>
    <subfield code="y">MAIN</subfield>
    <subfield code="z">Donated by Dorji and her walking library </subfield>
  </datafield>
</record>
